000 00291nam a2200109Ia 4500
100 _a#N/A
942 _cBK
654 _aconference
245 _aProceedings of the first National Conference on Development & Challenge in Manufacturing Engineering - 2004
260 _b#N/A
546 _aENGLISH
999 _c24421
_d24421